Swedish cities by photo - Statistics

General Stats
  • This quiz has been taken 68 times
  • The average score is 6 of 16
Answer Stats
Picture Answer % Correct
Stockholm
100%
Gothenburg
84%
Uppsala
71%
Umeå
61%
Örebro
52%
Malmö
39%
Norrköping
39%
Lund
36%
Helsingborg
32%
Jönköping
25%
Linköping
21%
Västerås
11%
Gävle
4%
Båstad
2%
Södertälje
2%
Skummeslövsstrand
0%
No matching quizzes found
Score Distribution
Percent of People with Each Score
Percentile by Number Answered
Your Score History
You have not taken this quiz